La romana indómita (Registro nro. 6790)

Detalles MARC
000 -Cabecera
Campo de control de longitud fija 00650nam a22002657a 4500
005 - Fecha y hora de la última transacción
Campo de control 20251112164142.0
008 - Elementos de longitud fija--Información general
Campo de control de longitud fija 150728b2016 xxu||||| |||| 00| 0 spa d
020 ## - International Standard Book Number
Número Internacional Estándar del Libro (ISBN) 9786070732386
041 ## - Idioma
Código de idioma Español
082 ## - Clasificación Decimal Dewey
Número de clasificación CR 863.4 R831r
100 ## - Entrada principal--Autor personal
Nombre personal Rossi Lara, Anacristina
245 ## - Título propiamente dicho
Título La romana indómita
260 ## - Pie de imprenta
Lugar de publicación, distribución, etc. México
260 ## - Pie de imprenta
Nombre del editor, distribuidor, etc. Planeta Mexicana
260 ## - Pie de imprenta
Fecha de publicación, distribución, etc. 2016
300 ## - Descripción física
Extensión 321 páginas
490 ## - Serie
Título de la Serie Temática General
650 ## - Materia general
Temática (materia general) LITERATURA COSTARRICENSE
650 ## - Materia general
Temática (materia general) NOVELA COSTARRICENSE
650 ## - Materia general
Temática (materia general) IMPERIO ROMANO
650 ## - Materia general
Temática (materia general) PODER
650 ## - Materia general
Temática (materia general) POLÍTICA
650 ## - Materia general
Temática (materia general) CONFLICTO FAMILIAR
942 ## - Punto de acceso adicional KOHA
Tipo de ítem KOHA Literatura
Fuente del sistema de clasificación o colocación Dewey Decimal Classification
Existencias
Signatura completa Código de barras Programa Académico Tipo de ítem
CR 863.4 R831r 21801 Temática General Literatura